[Event "DVM U14 2014"]
[Site "Regensburg GER"]
[Date "2014.12.29"]
[Round "5"]
[White "Joebges, Nico"]
[Black "Freiherr von Hauff, Christopher V"]
[Result "1/2-1/2"]
[Termination "normal"]
[Board "6.3"]
[WhiteElo "1573"]
[BlackElo "1488"]
[WhiteTeam "SC Tarrasch München"]
[BlackTeam "SK Bebenhausen"]
[PlyCount "122"]
[WhiteFideId "12992291"]
[BlackFideId "16200691"]
[EventCountry "GER"]
[EventRounds "7"]
[EventType "team-swiss"]
[EventDate "2014.12.26"]

1. e4 e5 2. Nf3 Nc6 3. d4 exd4 4. Nxd4 Nf6 5. Nxc6 bxc6 6. e5 Nd5 7. c4 Nb6 8.
b3 g5 9. Bb2 Bg7 10. g3 Qe7 11. Qe2 Ba6 12. Bg2 d5 13. Nd2 O-O 14. O-O Rfe8 15.
Rfe1 Qe6 16. cxd5 Qc8 17. Qh5 Qd8 18. Nf3 h6 19. e6 fxe6 20. Bxg7 Kxg7 21. Rxe6
Rxe6 22. dxe6 Qf6 23. Qf7+ Qxf7 24. exf7 Kxf7 25. Ne5+ Kf6 26. Ng4+ Kg7 27.
Bxc6 Rd8 28. Ne3 Rd2 29. Be4 Kf7 30. Rc1 Rd7 31. Ng4 Kg7 32. Ne3 h5 33. Rc6 Bb7
34. Re6 Bxe4 35. Rxe4 Kf6 36. Nc4 g4 37. Nxb6 axb6 38. Rc4 c5 39. Rc2 Rd3 40.
Kg2 Kf5 41. Rb2 Ke4 42. Re2+ Kd5 43. h3 b5 44. hxg4 hxg4 45. Re8 c4 46. bxc4+
bxc4 47. Kf1 Ra3 48. Rd8+ Ke4 49. Rg8 Kf5 50. Rc8 c3 51. Ke1 Ke4 52. Kd1 Rxa2
53. Rxc3 Rxf2 54. Ke1 Rf3 55. Rc4+ Kf5 56. Rc5+ Kg6 57. Rc6+ Kg5 58. Rc5+ Kf6
59. Rc6+ Ke5 60. Rc5+ Kf6 61. Rc6+ Kg5 1/2-1/2

[Event "DVM U14 2014"]
[Site "Regensburg GER"]
[Date "2014.12.29"]
[Round "5"]
[White "Greitmann, Niklas"]
[Black "Joebges, Julia"]
[Result "0-1"]
[Termination "normal"]
[Board "6.4"]
[WhiteElo "1123"]
[BlackElo "1582"]
[WhiteTeam "SK Bebenhausen"]
[BlackTeam "SC Tarrasch München"]
[PlyCount "88"]
[WhiteFideId "16200705"]
[BlackFideId "12983446"]
[EventCountry "GER"]
[EventRounds "7"]
[EventType "team-swiss"]
[EventDate "2014.12.26"]

1. c4 e5 2. Nc3 Nf6 3. g3 Be7 4. Bg2 O-O 5. e3 Nc6 6. Nge2 d6 7. O-O Be6 8. b3
Rb8 9. Bb2 Nb4 10. d4 exd4 11. Nxd4 Nd7 12. Nxe6 fxe6 13. a3 Na6 14. Qc2 Nac5
15. b4 Na6 16. Na4 c5 17. b5 Nc7 18. Rad1 a6 19. bxa6 Nxa6 20. Rd2 b5 21. cxb5
Rxb5 22. Qc4 Nc7 23. Rfd1 d5 24. Qc2 Qb8 25. Rc1 Na6 26. Bf1 c4 27. Bh3 Nac5
28. Nxc5 Nxc5 29. Rdd1 Rxb2 30. Qc3 Rbxf2 31. Rb1 Qd6 32. Qe1 R2f6 33. Qe2 Ne4
34. Rb2 Nc3 35. Qd2 Nxd1 36. Qxd1 Qxa3 37. Qe2 c3 38. Rc2 Rb8 39. Qd3 Qa1+ 40.
Kg2 Rb2 41. g4 Rxc2+ 42. Qxc2 Qf1+ 43. Kg3 Qf3+ 44. Kh4 Rh6# 0-1

[Event "DVM U14 2014"]
[Site "Regensburg GER"]
[Date "2014.12.29"]
[Round "5"]
[White "Biastoch, Bennet"]
[Black "Kroschel, Anton"]
[Result "1-0"]
[Termination "normal"]
[Board "7.1"]
[WhiteElo "1940"]
[BlackElo "1658"]
[WhiteTeam "SG Aufbau Elbe Magdeburg"]
[BlackTeam "Lübecker SV"]
[PlyCount "69"]
[WhiteFideId "12939889"]
[BlackFideId "12969834"]
[EventCountry "GER"]
[EventRounds "7"]
[EventType "team-swiss"]
[EventDate "2014.12.26"]

1. e4 d6 2. d4 Nf6 3. Nc3 g6 4. Be3 Nbd7 5. Qd2 Bg7 6. Be2 O-O 7. O-O-O Nb6 8.
f3 Be6 9. Bh6 Bc4 10. Bxg7 Kxg7 11. h4 Nh5 12. Bxc4 Nxc4 13. Qd3 Nb6 14. g4 Nf4
15. Qe3 Ne6 16. d5 Nc5 17. h5 Rh8 18. Nge2 Kg8 19. hxg6 fxg6 20. Nf4 Qf8 21.
Nce2 Qf6 22. c3 a5 23. g5 Qe5 24. Qd4 Rf8 25. Rh4 Nbd7 26. Rdh1 Kg7 27. Kb1 a4
28. b4 axb3 29. axb3 Rxf4 30. Nxf4 Nxb3 31. Ne6+ Kg8 32. Qa4 Nd2+ 33. Kc2 Nb6
34. Qa7 h5 35. Kxd2 1-0

[Event "DVM U14 2014"]
[Site "Regensburg GER"]
[Date "2014.12.29"]
[Round "5"]
[White "Bosselmann, Tom Linus"]
[Black "Roseneck, Jonas"]
[Result "0-1"]
[Termination "normal"]
[Board "7.2"]
[WhiteElo "1623"]
[BlackElo "1850"]
[WhiteTeam "Lübecker SV"]
[BlackTeam "SG Aufbau Elbe Magdeburg"]
[PlyCount "92"]
[WhiteFideId "12983845"]
[BlackFideId "12939870"]
[EventCountry "GER"]
[EventRounds "7"]
[EventType "team-swiss"]
[EventDate "2014.12.26"]

1. e4 c5 2. Nf3 d6 3. d4 cxd4 4. Nxd4 Nf6 5. Nc3 a6 6. f3 e5 7. Nb3 Be6 8. Be3
Be7 9. Be2 O-O 10. Qd2 b5 11. g4 Nfd7 12. g5 Nb6 13. h4 N8d7 14. h5 Nc4 15.
Bxc4 bxc4 16. Nc1 f5 17. gxf6 Nxf6 18. Qg2 Kh8 19. N1e2 Rb8 20. Rb1 Qe8 21. Ng3
Qf7 22. Ke2 Bd8 23. Nd1 d5 24. Nf2 d4 25. Bd2 Nd7 26. Ng4 d3+ 27. Kd1 Qxf3+ 28.
Qxf3 Rxf3 29. Nf5 dxc2+ 30. Kxc2 Rxf5 31. Nxe5 Nxe5 32. exf5 Bxf5+ 33. Kc3 Bxb1
34. Rxb1 Ba5+ 35. Kc2 Bxd2 36. Kxd2 Kg8 37. Kc3 Kf7 38. Re1 Ke6 39. Rg1 g6 40.
hxg6 hxg6 41. Re1 g5 42. Rh1 g4 43. Rg1 Rg8 44. Rg3 Kf5 45. Kd2 Kf4 46. Re3 g3
0-1

[Event "DVM U14 2014"]
[Site "Regensburg GER"]
[Date "2014.12.29"]
[Round "5"]
[White "Lellek, Lewin Louis"]
[Black "Pommerenke, Kayonzo"]
[Result "1-0"]
[Termination "normal"]
[Board "7.3"]
[WhiteElo "1541"]
[BlackElo "1562"]
[WhiteTeam "SG Aufbau Elbe Magdeburg"]
[BlackTeam "Lübecker SV"]
[PlyCount "69"]
[WhiteFideId "12971820"]
[BlackFideId "12968129"]
[EventCountry "GER"]
[EventRounds "7"]
[EventType "team-swiss"]
[EventDate "2014.12.26"]

1. e4 {[%emt 0:00:00]} e5 2. Nf3 Nf6 3. Nxe5 d6 4. Nf3 Nxe4 5. Nc3 Nxc3 6. dxc3
Nc6 7. Be3 Be7 8. Qd2 O-O 9. Be2 Bf5 10. h3 a5 11. g4 Bg6 12. O-O-O f5 13. Nd4
Nxd4 14. Qxd4 c6 15. Rdg1 Bf6 16. Qd2 Qe7 17. g5 Qe6 18. Kb1 Be7 19. Bd3 b5 20.
h4 Bf7 21. b3 Rfb8 22. h5 c5 23. g6 hxg6 24. h6 c4 25. hxg7 cxd3 26. Rh8+ Kxg7
27. Bd4+ Qe5 28. Bxe5+ dxe5 29. Rxb8 Rxb8 30. Qxd3 Kf6 31. f4 e4 32. Qd4+ Ke6
33. Qe5+ Kd7 34. Qxb8 Bd6 35. Rd1 1-0

[Event "DVM U14 2014"]
[Site "Regensburg GER"]
[Date "2014.12.29"]
[Round "5"]
[White "Watzlawik, Lee-David"]
[Black "Kirsten, Annika"]
[Result "1-0"]
[Termination "normal"]
[Board "7.4"]
[WhiteElo "1370"]
[BlackElo "1428"]
[WhiteTeam "Lübecker SV"]
[BlackTeam "SG Aufbau Elbe Magdeburg"]
[PlyCount "105"]
[WhiteFideId "1270474"]
[BlackFideId "12961124"]
[EventCountry "GER"]
[EventRounds "7"]
[EventType "team-swiss"]
[EventDate "2014.12.26"]

1. e4 c5 2. d4 cxd4 3. c3 Nf6 4. e5 Nd5 5. cxd4 Nc6 6. Bc4 e6 7. Nf3 d6 8. O-O
Be7 9. Qb3 Na5 10. Bb5+ Bd7 11. Bxd7+ Qxd7 12. Qd1 Nc6 13. Nbd2 O-O 14. Nb3
Rfd8 15. Bd2 Rac8 16. Rc1 b6 17. Re1 Rc7 18. Qe2 Rdc8 19. a3 dxe5 20. dxe5 Bf8
21. Red1 Nce7 22. Rxc7 Rxc7 23. Rc1 Rxc1+ 24. Bxc1 Ng6 25. Nbd4 Bc5 26. Qb5 Qc7
27. Qc6 Bxd4 28. Qxc7 Bxf2+ 29. Kxf2 Nxc7 30. Bd2 Nd5 31. b4 b5 32. Be3 a6 33.
Bc5 Nc3 34. Nd2 Nd5 35. Bd6 Nb6 36. Ke3 Nd7 37. Kd4 f6 38. exf6 gxf6 39. Nb3
e5+ 40. Ke4 f5+ 41. Kxf5 Nh4+ 42. Ke4 Nxg2 43. Bxe5 Nxe5 44. Kxe5 Ne3 45. Nc5
Nc4+ 46. Kd5 Kf7 47. Nxa6 Nxa3 48. Kc5 Ke7 49. Nc7 Kd7 50. Nxb5 Nxb5 51. Kxb5
Kc7 52. Kc5 Kb7 53. Kd6 1-0

[Event "DVM U14 2014"]
[Site "Regensburg GER"]
[Date "2014.12.29"]
[Round "5"]
[White "Dalchow, Jonas"]
[Black "Haas, Maximilian"]
[Result "0-1"]
[Termination "normal"]
[Board "8.1"]
[WhiteElo "1429"]
[BlackElo "1708"]
[WhiteTeam "SC 1997 Lambsheim"]
[BlackTeam "SC Erlangen"]
[PlyCount "74"]
[WhiteFideId "12971251"]
[BlackFideId "12959219"]
[EventCountry "GER"]
[EventRounds "7"]
[EventType "team-swiss"]
[EventDate "2014.12.26"]

1. e4 e6 2. d4 d5 3. exd5 exd5 4. Bd3 Bd6 5. Ne2 Nc6 6. c3 Nge7 7. Bf4 Be6 8.
O-O Ng6 9. Bxd6 Qxd6 10. Ng3 Nce7 11. Re1 O-O-O 12. Qc2 Qd7 13. Nd2 Nf4 14. Nf3
f6 15. Ne2 Nxg2 16. Red1 Bg4 17. Ne1 Nh4 18. Ng2 Nf3+ 19. Kh1 Ng5 20. Rdc1 Nh3
21. Ng3 Bf3 22. Re1 Nf4 23. Rg1 h5 24. Nf5 Nxg2 25. Rxg2 Bxg2+ 26. Kxg2 g6 27.
Nh4 Qg4+ 28. Kh1 Qxh4 29. Rf1 Rhg8 30. Re1 Nf5 31. Bxf5+ gxf5 32. Qxf5+ Kb8 33.
Re3 Qg5 34. Qxg5 Rxg5 35. Rf3 b6 36. Rxf6 Rdg8 37. h4 Rg4 0-1

[Event "DVM U14 2014"]
[Site "Regensburg GER"]
[Date "2014.12.29"]
[Round "5"]
[White "Tschammer, Kai"]
[Black "Mühlpfordt, Thomas"]
[Result "1/2-1/2"]
[Termination "normal"]
[Board "8.2"]
[WhiteElo "1637"]
[BlackElo "1504"]
[WhiteTeam "SC Erlangen"]
[BlackTeam "SC 1997 Lambsheim"]
[PlyCount "53"]
[WhiteFideId "12939099"]
[BlackFideId "12986623"]
[EventCountry "GER"]
[EventRounds "7"]
[EventType "team-swiss"]
[EventDate "2014.12.26"]

1. e4 e5 2. Nf3 Nc6 3. Bc4 Nf6 4. d4 Nxe4 5. dxe5 d6 6. Qd5 Be6 7. Qxe4 d5 8.
Bxd5 Bxd5 9. Qe2 Be7 10. O-O Qc8 11. Nc3 Bxf3 12. Qxf3 Nxe5 13. Qe4 f6 14. f4
Ng6 15. Re1 O-O 16. f5 Ne5 17. Bf4 Bd6 18. Nb5 Qd7 19. Qd5+ Qf7 20. Qxf7+ Rxf7
21. Nxd6 cxd6 22. Rad1 Rc7 23. Re2 Rc6 24. Kf2 Re8 25. Rde1 Rb6 26. b3 Rc6 27.
h3 1/2-1/2

[Event "DVM U14 2014"]
[Site "Regensburg GER"]
[Date "2014.12.29"]
[Round "5"]
[White "Wacker, Andreas"]
[Black "Buzatu, Alexander"]
[Result "0-1"]
[Termination "normal"]
[Board "8.3"]
[WhiteElo "1564"]
[BlackElo "1428"]
[WhiteTeam "SC 1997 Lambsheim"]
[BlackTeam "SC Erlangen"]
[PlyCount "78"]
[WhiteFideId "12953083"]
[BlackFideId "12983560"]
[EventCountry "GER"]
[EventRounds "7"]
[EventType "team-swiss"]
[EventDate "2014.12.26"]

1. e4 {[%emt 0:00:00]} e5 2. Nf3 Nc6 3. Bc4 Bc5 4. d3 Nf6 5. Bg5 h6 6. Bh4 d6
7. Nc3 Be6 8. Bd5 g5 9. Bxc6+ bxc6 10. Bg3 Rb8 11. Na4 Bb6 12. a3 Qd7 13. b4 g4
14. Nd2 Nh5 15. Nxb6 cxb6 16. Nc4 Nf4 17. Bxf4 exf4 18. Qd2 b5 19. Na5 f3 20.
g3 Qc8 21. Qc3 Rg8 22. d4 f5 23. exf5 Bd5 24. Kd2 Qxf5 25. Qe3+ Qe6 26. Rhe1
Qxe3+ 27. Rxe3+ Kd7 28. Rae1 Rbe8 29. Nb7 Rxe3 30. Rxe3 Rg5 31. Na5 Rh5 32. Rd3
Rxh2 33. Ke3 h5 34. Rd2 Rh1 35. Kf4 Re1 36. c3 Re2 37. Rd1 Rxf2 38. Ke3 Re2+
39. Kd3 Be4# 0-1

[Event "DVM U14 2014"]
[Site "Regensburg GER"]
[Date "2014.12.29"]
[Round "5"]
[White "Grüninger, Maxim"]
[Black "Löffner, Miguel"]
[Result "1/2-1/2"]
[Termination "normal"]
[Board "8.4"]
[WhiteElo "1604"]
[BlackElo "1211"]
[WhiteTeam "SC Erlangen"]
[BlackTeam "SC 1997 Lambsheim"]
[PlyCount "45"]
[WhiteFideId "12942960"]
[BlackFideId "12972436"]
[EventCountry "GER"]
[EventRounds "7"]
[EventType "team-swiss"]
[EventDate "2014.12.26"]

1. e4 e5 2. Nf3 Nc6 3. d4 exd4 4. Nxd4 Bc5 5. Be3 Bb6 6. Nc3 Nf6 7. Bc4 d6 8.
O-O O-O 9. Nxc6 bxc6 10. Qf3 Re8 11. Rae1 Rb8 12. Qg3 Bxe3 13. Qxe3 Rxb2 14.
Bb3 Ba6 15. Qc1 Rxb3 16. cxb3 Bxf1 17. Kxf1 Qe7 18. Qd2 Kf8 19. h3 Qd7 20. Qe3
c5 21. Qf3 Qc6 22. Qd3 Qb7 23. Qf3 1/2-1/2

[Event "DVM U14 2014"]
[Site "Regensburg GER"]
[Date "2014.12.29"]
[Round "5"]
[White "Kühner, Tobias"]
[Black "Qiu, Oliver"]
[Result "1/2-1/2"]
[Termination "normal"]
[Board "9.1"]
[WhiteElo "1737"]
[BlackElo "1405"]
[WhiteTeam "SK Bickenbach"]
[BlackTeam "Gütersloher SV"]
[PlyCount "93"]
[WhiteFideId "12973815"]
[BlackFideId "16200713"]
[EventCountry "GER"]
[EventRounds "7"]
[EventType "team-swiss"]
[EventDate "2014.12.26"]

1. d4 {[%emt 0:00:00]} d5 2. Nf3 e6 3. c4 c6 4. Nc3 Nf6 5. Bg5 Nbd7 6. c5 b6 7.
b4 a5 8. a3 Be7 9. e3 O-O 10. Bd3 h6 11. Bf4 Nh5 12. O-O Nxf4 13. exf4 Qc7 14.
Ne5 Ba6 15. Bxa6 Rxa6 16. b5 cxb5 17. Nxb5 Qc8 18. cxb6 Nxe5 19. fxe5 Rxb6 20.
a4 Qb7 21. Rc1 Bb4 22. Rc7 Qb8 23. Qc2 Rb7 24. Rc1 Rxc7 25. Qxc7 Qxc7 26. Rxc7
g5 27. g3 Kg7 28. Kg2 Kg6 29. g4 h5 30. h3 hxg4 31. hxg4 Kg7 32. Ra7 Rb8 33.
Nd6 Rf8 34. Nb7 Bc3 35. Nxa5 Bxd4 36. Rb7 Bxe5 37. Nc6 Bc3 38. Rb3 d4 39. Ne5
Ra8 40. Rb7 Rf8 41. Kf3 Bd2 42. Ke4 Bc3 43. Nf3 Kf6 44. Nxd4 Ra8 45. Nc6 Rxa4+
46. Kd3 Be5 47. f3 1/2-1/2

[Event "DVM U14 2014"]
[Site "Regensburg GER"]
[Date "2014.12.29"]
[Round "5"]
[White "Kandler, Philipp"]
[Black "Wenzel, Calvin"]
[Result "1-0"]
[Termination "normal"]
[Board "9.2"]
[WhiteElo "1353"]
[BlackElo "1619"]
[WhiteTeam "Gütersloher SV"]
[BlackTeam "SK Bickenbach"]
[PlyCount "139"]
[WhiteFideId "16200772"]
[BlackFideId "12973920"]
[EventCountry "GER"]
[EventRounds "7"]
[EventType "team-swiss"]
[EventDate "2014.12.26"]

1. e4 e5 2. Nf3 Nc6 3. Bb5 f5 4. d3 fxe4 5. dxe4 Nge7 6. Nc3 Ng6 7. O-O Bc5 8.
Bg5 Nce7 9. Bc4 d6 10. Nh4 Nxh4 11. Bxh4 Qd7 12. Nd5 Ng6 13. Bg3 c6 14. Ne3 Qe7
15. Qh5 Bxe3 16. fxe3 Be6 17. Bh4 Qd7 18. Be2 Bf7 19. Qg5 Nxh4 20. Qxh4 O-O 21.
Rf3 Be6 22. Rg3 Qd8 23. Qxd8 Raxd8 24. a3 Rf6 25. Rd1 Bf7 26. Rf3 Be6 27. c4
Rg6 28. c5 Bg4 29. Rf2 Bxe2 30. Rxe2 d5 31. exd5 cxd5 32. Red2 d4 33. exd4 e4
34. Re2 Rc6 35. b4 Re6 36. d5 Re7 37. d6 Red7 38. Rxe4 b6 39. c6 Rxd6 40. Rxd6
Rxd6 41. c7 Rd1+ 42. Kf2 Rc1 43. Re8+ Kf7 44. c8=Q Rxc8 45. Rxc8 Ke6 46. Rc7 g6
47. Rxa7 h5 48. Ra6 Kf5 49. Rxb6 g5 50. a4 g4 51. g3 h4 52. a5 hxg3+ 53. hxg3
Ke4 54. a6 Kd3 55. a7 Kc2 56. a8=Q Kb3 57. Qg8+ Kc3 58. Qd8 Kc4 59. Rc6+ Kb5
60. Qb6+ Ka4 61. Qd4 Kb3 62. Rc3+ Ka4 63. b5+ Ka5 64. Ra3+ Kxb5 65. Rb3+ Kc6
66. Rc3+ Kb5 67. Qc4+ Ka5 68. Ra3+ Kb6 69. Rb3+ Ka5 70. Qb5# 1-0

[Event "DVM U14 2014"]
[Site "Regensburg GER"]
[Date "2014.12.29"]
[Round "5"]
[White "Riemann, Jonas"]
[Black "Fortenbacher, Dominic"]
[Result "0-1"]
[Termination "normal"]
[Board "9.3"]
[WhiteElo "1434"]
[BlackElo "1484"]
[WhiteTeam "SK Bickenbach"]
[BlackTeam "Gütersloher SV"]
[PlyCount "180"]
[WhiteFideId "12977462"]
[BlackFideId "16200780"]
[EventCountry "GER"]
[EventRounds "7"]
[EventType "team-swiss"]
[EventDate "2014.12.26"]

1. e4 e5 2. Nf3 Nc6 3. Bc4 Bc5 4. c3 Nf6 5. d3 h6 6. O-O O-O 7. Be3 Bb6 8. Nbd2
d6 9. Qc2 Bg4 10. Rfe1 Na5 11. Bb3 Nxb3 12. Qxb3 Qd7 13. Rad1 Rfe8 14. h3 Bh5
15. Bxb6 axb6 16. Re3 Re7 17. Rde1 Rae8 18. Qc2 c5 19. Qb3 Qc6 20. c4 Bxf3 21.
Nxf3 Ra8 22. a3 Ra5 23. Rc1 Re8 24. Re2 Raa8 25. Rc3 b5 26. cxb5 Qxb5 27. Qc2
Qb6 28. Qc1 Ra5 29. Nd2 Qa7 30. Nc4 Ra6 31. Rb3 Rb8 32. Re1 b5 33. Ne3 Qd7 34.
Qc2 Rd8 35. Rc3 Rc6 36. Rd1 d5 37. exd5 Nxd5 38. Nxd5 Qxd5 39. Re1 Rg6 40. g3
Rc6 41. Qe2 Rcd6 42. Qe4 Qe6 43. Kh2 Qa2 44. Re2 Qb1 45. Rec2 Qd1 46. Qxe5 c4
47. dxc4 bxc4 48. Rxc4 Re6 49. Qf4 Rf6 50. Qc1 Qxc1 51. Rxc1 Rxf2+ 52. Kg1 Rxb2
53. a4 Ra2 54. Rb1 Rd3 55. h4 Rxg3+ 56. Kf1 Rf3+ 57. Kg1 Rfa3 58. Rbb4 Rd3 59.
Rc1 Kf8 60. Kf1 Ke7 61. Kg1 Kd6 62. Rg4 g6 63. Rf4 Rg3+ 64. Kf1 f5 65. Re1 Rga3
66. Rf2 Rxf2+ 67. Kxf2 Rxa4 68. Rg1 Rf4+ 69. Ke3 Rg4 70. Rd1+ Ke5 71. Ra1 Re4+
72. Kf3 Rxh4 73. Ra5+ Kf6 74. Ra6+ Kg5 75. Ra2 Rh3+ 76. Kg2 Kg4 77. Ra4+ f4 78.
Ra6 g5 79. Ra1 f3+ 80. Kf2 Rh2+ 81. Kg1 Kg3 82. Ra3 Rc2 83. Ra1 h5 84. Rd1 h4
85. Rb1 h3 86. Rf1 Rg2+ 87. Kh1 Rh2+ 88. Kg1 f2+ 89. Rxf2 Rxf2 90. Kh1 Rf1# 0-1

[Event "DVM U14 2014"]
[Site "Regensburg GER"]
[Date "2014.12.29"]
[Round "5"]
[White "Neumann, Theodor"]
[Black "Bär, Leon David"]
[Result "1-0"]
[Termination "normal"]
[Board "9.4"]
[WhiteElo "1352"]
[BlackElo "1267"]
[WhiteTeam "Gütersloher SV"]
[BlackTeam "SK Bickenbach"]
[PlyCount "107"]
[WhiteFideId "16200799"]
[BlackFideId "16200802"]
[EventCountry "GER"]
[EventRounds "7"]
[EventType "team-swiss"]
[EventDate "2014.12.26"]

1. e4 e5 2. Nf3 Nc6 3. Nc3 Nf6 4. d3 Bc5 5. Nxe5 Nxe5 6. d4 Bxd4 7. Qxd4 Nc6 8.
Qd1 d6 9. Bg5 Be6 10. Be2 h6 11. Bh4 O-O 12. O-O Ne5 13. f4 Ng6 14. Bxf6 Qxf6
15. f5 Rae8 16. fxg6 Qxg6 17. Bf3 f5 18. Bh5 Qg5 19. Bxe8 Rxe8 20. Qd3 fxe4 21.
Nxe4 Qg4 22. Rae1 d5 23. Nf2 Qg5 24. Re3 Bf7 25. Rxe8+ Bxe8 26. Nh3 Qe5 27. c3
Bd7 28. Nf4 Bf5 29. Qxd5+ Qxd5 30. Nxd5 Be4 31. Ne3 a5 32. Rf4 Bc6 33. Nf5 Kh7
34. Rg4 g5 35. Ne7 Bd7 36. Rd4 Be6 37. a4 Kg7 38. Nd5 c6 39. Nb6 Kf6 40. Kf2
Ke5 41. Ke3 Bf5 42. Nd7+ Ke6 43. Nc5+ Ke5 44. Nxb7 g4 45. Nxa5 c5 46. Nc4+ Kf6
47. Rd6+ Kg5 48. a5 Kh4 49. Kf4 h5 50. Ne5 Bh7 51. h3 c4 52. hxg4 Be4 53. Rh6
Bg6 54. Nxg6# 1-0

[Event "DVM U14 2014"]
[Site "Regensburg GER"]
[Date "2014.12.29"]
[Round "5"]
[White "Stirner, Christof"]
[Black "Fuhrmann, Michel"]
[Result "1/2-1/2"]
[Termination "normal"]
[Board "10.1"]
[WhiteElo "1404"]
[BlackElo "1583"]
[WhiteTeam "SR Spaichingen"]
[BlackTeam "Frankfurter TV 1860"]
[PlyCount "98"]
[WhiteFideId "16200837"]
[BlackFideId "12963887"]
[EventCountry "GER"]
[EventRounds "7"]
[EventType "team-swiss"]
[EventDate "2014.12.26"]

1. c4 c5 2. Nc3 Nc6 3. g3 g6 4. Bg2 Bg7 5. e3 d6 6. Nge2 Be6 7. b3 Nf6 8. O-O
O-O 9. d4 cxd4 10. Nxd4 Bd7 11. Bb2 Qc8 12. Qe2 Bh3 13. Rfe1 Bxg2 14. Kxg2 Re8
15. Rad1 Nd7 16. Rd2 Nc5 17. Red1 Qd7 18. Qf3 Ne5 19. Qe2 Rad8 20. Nf3 Nxf3 21.
Qxf3 Qc6 22. Qxc6 bxc6 23. b4 Bxc3 24. Bxc3 Ne4 25. Rd3 Nxc3 26. Rxc3 Rb8 27.
Rb1 c5 28. Rcb3 cxb4 29. Rxb4 Rxb4 30. Rxb4 Rc8 31. Rb7 e6 32. Rxa7 Rxc4 33. a4
Kg7 34. Kf3 Kf6 35. g4 d5 36. Ra6 h6 37. Kg3 Rc2 38. Kf3 Rc3 39. Ke2 Kg5 40.
Kf3 Rc4 41. h3 h5 42. gxh5 gxh5 43. Ra7 Kg6 44. a5 Ra4 45. Ra6 h4 46. Ra8 Kf5
47. a6 d4 48. Ra7 f6 49. Ra8 dxe3 1/2-1/2

[Event "DVM U14 2014"]
[Site "Regensburg GER"]
[Date "2014.12.29"]
[Round "5"]
[White "Walk, Maximilian"]
[Black "Klein, Sebastian"]
[Result "1-0"]
[Termination "normal"]
[Board "10.2"]
[WhiteElo "1413"]
[BlackElo "1303"]
[WhiteTeam "Frankfurter TV 1860"]
[BlackTeam "SR Spaichingen"]
[PlyCount "36"]
[WhiteFideId "16200810"]
[BlackFideId "16200845"]
[EventCountry "GER"]
[EventRounds "7"]
[EventType "team-swiss"]
[EventDate "2014.12.26"]

1. e4 c5 2. Nf3 Nc6 3. d4 cxd4 4. Nxd4 g6 5. Nc3 Bg7 6. Nb3 Nf6 7. Be2 O-O 8.
O-O d6 9. Bg5 Be6 10. Kh1 Nd7 11. f4 f5 12. exf5 Bxf5 13. Bf3 Bf6 14. Bd5+ e6
15. Bxc6 bxc6 16. g4 Bxg5 17. gxf5 Rxf5 18. Qxd6 Rxf4 {nicht nachvollziehbar}
1-0

[Event "DVM U14 2014"]
[Site "Regensburg GER"]
[Date "2014.12.29"]
[Round "5"]
[White "Molitor, Marwin"]
[Black "Tessier, Leo"]
[Result "0-1"]
[Termination "normal"]
[Board "10.3"]
[WhiteElo "1175"]
[BlackElo "1346"]
[WhiteTeam "SR Spaichingen"]
[BlackTeam "Frankfurter TV 1860"]
[PlyCount "106"]
[WhiteFideId "16200853"]
[BlackFideId "36034487"]
[EventCountry "GER"]
[EventRounds "7"]
[EventType "team-swiss"]
[EventDate "2014.12.26"]

1. e4 e5 2. Nf3 Nc6 3. Bb5 Nf6 4. Nc3 Bc5 5. d3 d6 6. Bg5 a6 7. Bc4 Bg4 8. Nd5
b5 9. Bb3 Nd4 10. Nxf6+ gxf6 11. Be3 Bxf3 12. gxf3 Nxb3 13. axb3 Bxe3 14. fxe3
Rg8 15. Qd2 Qd7 16. O-O-O Qh3 17. Rhg1 O-O-O 18. f4 Rg4 19. Rxg4 Qxg4 20. Qf2
Qh5 21. fxe5 fxe5 22. Qf5+ Qxf5 23. exf5 f6 24. Rg1 Rd7 25. e4 Kb7 26. b4 Kb6
27. b3 c5 28. bxc5+ dxc5 29. Kd2 c4 30. bxc4 bxc4 31. Rb1+ Ka7 32. Ra1 cxd3 33.
cxd3 Rd4 34. Rc1 Kb7 35. Rb1+ Kc7 36. Rc1+ Kd7 37. Ra1 Rd6 38. h4 h5 39. Ke3
Kc7 40. Ra4 Kb6 41. d4 exd4+ 42. Rxd4 Kc5 43. Ra4 Kb5 44. Rd4 Rxd4 45. Kxd4 Kc6
46. e5 Kd7 47. exf6 Ke8 48. Kd5 Kf7 49. Ke5 a5 50. Kd5 Kxf6 51. Kc5 Kxf5 52.
Kb5 Kg4 53. Kxa5 Kxh4 0-1

[Event "DVM U14 2014"]
[Site "Regensburg GER"]
[Date "2014.12.29"]
[Round "5"]
[White "Tessier, Sarah"]
[Black "Zetto, Markus"]
[Result "1-0"]
[Termination "normal"]
[Board "10.4"]
[WhiteElo "1104"]
[BlackElo "1081"]
[WhiteTeam "Frankfurter TV 1860"]
[BlackTeam "SR Spaichingen"]
[PlyCount "95"]
[WhiteFideId "36034495"]
[BlackFideId "16200861"]
[EventCountry "GER"]
[EventRounds "7"]
[EventType "team-swiss"]
[EventDate "2014.12.26"]

1. e4 e5 2. Nf3 Nc6 3. Bc4 Bc5 4. c3 Nf6 5. d4 exd4 6. cxd4 Bb4+ 7. Nc3 Nxe4 8.
Qe2 d5 9. Bd3 Bf5 10. O-O Qe7 11. Nxd5 Nxd4 12. Nxd4 Qe5 13. Nxf5 Qxd5 14.
Qxe4+ Qxe4 15. Bxe4 O-O 16. Bxb7 Rad8 17. Bf4 Ba5 18. Rac1 Rb8 19. Bxc7 Rxb7
20. Bxa5 Rxb2 21. Rc7 Rxa2 22. Rxa7 Re8 23. Bb6 Rb2 24. Bd4 Rd2 25. Be3 Rc2 26.
h3 g6 27. Nh6+ Kh8 28. Rxf7 Rc4 29. Bg5 Rc6 30. Bf6+ Rxf6 31. Rxf6 Kg7 32. Ng4
h5 33. Rf4 hxg4 34. Rxg4 Kf6 35. Rc1 Rg8 36. Rc6+ Kf5 37. Rc5+ Kf6 38. Rcg5 Kf7
39. h4 Kf6 40. h5 Kf7 41. Rxg6 Rxg6 42. hxg6+ Kg7 43. f4 Kg8 44. g7 Kf7 45.
g8=Q+ Ke7 46. Rg6 Kd7 47. Qh7+ Ke8 48. Rg8# 1-0